000 00708nam a2200205Ia 4500
999 _c36582
_d36582
001 2501
003 GE_BSU
005 20221229122925.0
008 181216s2005||||ge |||||||||||||| ||geo||
020 _a9789994050048
040 _cGE_BSU
041 _ageo
080 _a339.543(479.22):34(479.22) ს–32
100 _aამილახვარი, ზ.
_916634
245 _aსაქართველოს საბაჟო სამართალი /
_cმთ.რედ.ლევან იზორია.
264 _aთბილისი,
_c2005.
300 _a645 გვ.;
653 _aსაქართველოს საბაჟო სამართალი
942 _cBK
_2udc